Applying nursing diagnosis and nursing process : (Record no. 1655)

MARC details
000 -LEADER
fixed length control field 00605cam a2200181 a 4500
020 ## - INTERNATIONAL STANDARD BOOK NUMBER
ISBN 0397547692
050 00 - CALL NUMBER
Classification number RT51
Item number .AP5 APP
100 2# - AUTHOR
Personal name AlfaroLeFevre, Rosalinda.
245 10 - TITLE
Title Applying nursing diagnosis and nursing process :
Remainder of title a step-by-step guide /
Statement of responsibility, etc Rosalinda Alfaro.
250 ## - EDITION
Edition statement 2nd ed.
260 ## - PUBLICATION INFORMATION
Place of publication Philadelphia :
Name of publisher Lippincott,
Year of publication c1990.
300 ## - DESCRIPTION
Number of Pages xix, 229 p. :
Other physical details ill. ;
Dimensions 24 cm.
500 ## - NOTES
General note Rev. ed. of: Application of nursing process. c1986.
650 #0 - SUBJECTS
Topical Term Nursing
General subdivision Handbooks, manuals, etc.
650 #2 - SUBJECTS
Topical Term Nursing Process
General subdivision methods.
700 2# - OTHER AUTHORS
Personal name Alfaro-LeFevre, Rosalinda.
942 ## - ADDED ENTRY ELEMENTS (KOHA)
Koha item type Books
Holdings
Withdrawn status Lost status Home library Current library Date acquired Full call number Accession Number Copy number Koha item type
    Methodist University Library Wenchi Nursing Methodist University Library Wenchi Nursing 12/01/2018 RT51 .AP5 APP 1408 1 Books
Copyright © 2026  MUG Library